[Event "Jermuk Asrian Memorial 6th"]
[Site "Jermuk"]
[Date "2013.06.24"]
[Round "9"]
[White "Aghasaryan, Robert"]
[Black "Hovhannisyan, Robert"]
[Result "1/2-1/2"]
[WhiteElo "2470"]
[BlackElo "2610"]
[PlyCount "28"]
[EventDate "2013.06.16"]
[EventType "swiss"]
[EventRounds "9"]
[EventCountry "ARM"]
[SourceTitle "CBM 155 Extra"]
[Source "ChessBase"]
[SourceDate "2013.08.26"]
[SourceVersion "1"]
[SourceVersionDate "2013.08.26"]
[SourceQuality "1"]

1. d4 Nf6 2. c4 e6 3. g3 Bb4+ 4. Nd2 0-0 5. Bg2 d5 6. Ngf3 dxc4 7. Qc2 a5 8. Qxc4 b6 9. a3 Be7 10. Qc2 Bb7 11. 0-0 Nbd7 12. Rd1 a4 13. Ne5 Bxg2 14. Kxg2 Nxe5 1/2-1/2

[Event "Jermuk Asrian Memorial 6th"]
[Site "Jermuk"]
[Date "2013.06.22"]
[Round "7"]
[White "Aghasaryan, Robert"]
[Black "Melkumyan, Hrant"]
[Result "1/2-1/2"]
[WhiteElo "2470"]
[BlackElo "2635"]
[PlyCount "70"]
[EventDate "2013.06.16"]
[EventType "swiss"]
[EventRounds "9"]
[EventCountry "ARM"]
[SourceTitle "CBM 155 Extra"]
[Source "ChessBase"]
[SourceDate "2013.08.26"]
[SourceVersion "1"]
[SourceVersionDate "2013.08.26"]
[SourceQuality "1"]

1. e4 e5 2. Nf3 Nc6 3. d4 exd4 4. Nxd4 Qf6 5. Nxc6 dxc6 6. Bd3 Bc5 7. Qf3 Qe7 8. Nd2 Nf6 9. h3 Be6 10. Nb3 Bb6 11. Bd2 c5 12. c4 Nd7 13. Bc3 f6 14. e5 Nxe5 15. Bxe5 fxe5 16. Qxb7 Rd8 17. Qe4 Qg5 18. Rd1 Rf8 19. 0-0 Rf4 20. Qe3 h6 21. Rfe1 Kf8 22. Nd2 Rf7 23. Nf3 Qxe3 24. Rxe3 Bxc4 25. Nxe5 Bxa2 26. Nxf7 Bxf7 27. Rf3 c4 28. Rxf7+ Kxf7 29. Bxc4+ Ke7 30. Rxd8 Kxd8 31. Kf1 Ke7 32. Ke2 Kd6 33. f4 Bd4 34. b3 Bb2 35. Kd3 a5 1/2-1/2

[Event "Jermuk Asrian Memorial 6th"]
[Site "Jermuk"]
[Date "2013.06.21"]
[Round "6"]
[White "Arutinian, David"]
[Black "Aghasaryan, Robert"]
[Result "1/2-1/2"]
[WhiteElo "2543"]
[BlackElo "2470"]
[PlyCount "47"]
[EventDate "2013.06.16"]
[EventType "swiss"]
[EventRounds "9"]
[EventCountry "ARM"]
[SourceTitle "CBM 155 Extra"]
[Source "ChessBase"]
[SourceDate "2013.08.26"]
[SourceVersion "1"]
[SourceVersionDate "2013.08.26"]
[SourceQuality "1"]

1. c4 c6 2. e4 d5 3. exd5 cxd5 4. d4 Nf6 5. Nc3 e6 6. Nf3 Bb4 7. cxd5 Nxd5 8. Bd2 Nc6 9. Bd3 0-0 10. 0-0 Be7 11. Re1 Bf6 12. Nxd5 exd5 13. Ne5 Be6 14. Nxc6 bxc6 15. Bb4 Re8 16. Bc5 Qd7 17. Qa4 h5 18. b4 a6 19. Qc2 g6 20. Qd2 Qd8 21. a4 h4 22. Bf1 Bg5 23. Qb2 Qd7 24. b5 1/2-1/2

[Event "EU-ch 14th"]
[Site "Legnica"]
[Date "2013.05.13"]
[Round "8"]
[White "Mamedov, Nidjat"]
[Black "Aghasaryan, Robert"]
[Result "1-0"]
[WhiteElo "2602"]
[BlackElo "2445"]
[PlyCount "87"]
[EventDate "2013.05.05"]
[EventType "swiss"]
[EventRounds "11"]
[EventCountry "POL"]
[SourceTitle "CBM 155"]
[Source "ChessBase"]
[SourceDate "2013.07.16"]
[SourceVersion "1"]
[SourceVersionDate "2013.07.16"]
[SourceQuality "1"]

1. e4 e5 2. Nf3 Nc6 3. Bb5 Nf6 4. 0-0 Nxe4 5. d4 Nd6 6. Bxc6 dxc6 7. dxe5 Nf5 8. Qxd8+ Kxd8 9. h3 h5 10. Nc3 Ke8 11. Bg5 Be6 12. a3 Be7 13. Rad1 f6 14. Bf4 Rc8 15. Rfe1 Kf7 16. Rd2 h4 17. exf6 gxf6 18. Rde2 Bd7 19. Nd1 c5 20. Ne3 Nxe3 21. Rxe3 Bf8 22. Bh2 Bf5 23. c3 c6 24. Nd2 Rd8 25. Nc4 b6 26. Bc7 Rd7 27. Bf4 Rh5 28. R3e2 Bg6 29. Ne3 b5 30. Ng4 Bf5 31. Re8 Be7 32. Rc8 Bxg4 33. hxg4 Rhd5 34. Rxc6 a5 35. Ra6 a4 36. Kf1 Rd3 37. Ke2 b4 38. Rc1 bxa3 39. bxa3 R3d5 40. Rxa4 Rb7 41. Rc2 Rb1 42. Rd2 Rxd2+ 43. Bxd2 Rb2 44. Re4 1-0

[Event "EU-ch 14th"]
[Site "Legnica"]
[Date "2013.05.07"]
[Round "3"]
[White "Aghasaryan, Robert"]
[Black "Tate, Alan"]
[Result "1-0"]
[WhiteElo "2445"]
[BlackElo "2264"]
[PlyCount "119"]
[EventDate "2013.05.05"]
[EventType "swiss"]
[EventRounds "11"]
[EventCountry "POL"]
[SourceTitle "CBM 155"]
[Source "ChessBase"]
[SourceDate "2013.07.16"]
[SourceVersion "1"]
[SourceVersionDate "2013.07.16"]
[SourceQuality "1"]

1. d4 Nf6 2. c4 g6 3. Nc3 d5 4. Nf3 Bg7 5. Bg5 dxc4 6. e4 c5 7. d5 b5 8. d6 Bb7 9. e5 Ne4 10. Nxe4 Bxe4 11. a4 a6 12. Bxe7 Qa5+ 13. Nd2 Bh6 14. f3 Bd5 15. Bf6 0-0 16. axb5 Qb4 17. e6 Bxe6 18. Bc3 Qxb5 19. Ra5 Qe8 20. Rxc5 Nd7 21. Ne4 Be3 22. Rc7 f5 23. Rxc4 fxe4 24. Rxe4 Bb6 25. Qe2 Nc5 26. Re5 Qf7 27. Rxc5 Bd5 28. Rxd5 Qxd5 29. Qd3 Rfe8+ 30. Kd2 Qg5+ 31. Kc2 Qf5 32. Qxf5 gxf5 33. d7 Red8 34. Bc4+ Kf8 35. Rd1 Bc7 36. Rd5 Ke7 37. Bb4+ Kf6 38. Bc3+ Ke7 39. Rxf5 Rxd7 40. Rh5 Kd6 41. Rh6+ Kc5 42. Bxa6 Bf4 43. b4+ Kd5 44. Rh5+ Kd6 45. b5 Be3 46. Kb3 Kc7 47. Re5 Bd2 48. Rc5+ Kb6 49. Rc6+ Ka7 50. Be5 Re8 51. f4 Rd5 52. Kc4 Rdxe5 53. fxe5 Rxe5 54. Rc7+ Kb6 55. Rb7+ Ka5 56. Rxh7 Rg5 57. g3 Be3 58. Kd3 Bg1 59. Ke4 Rc5 60. h4 1-0